000 00655cam a22002413a 4500
001 24221
003 PGUSA
005 20140828083522.0
008 080108s2008||||xxu|||||s|||||000 1 eng d
040 _aPGUSA
_beng
042 _adc
100 1 _aKallis, Stephen A.,
_d1937-
245 1 4 _aThe Untouchable
_h[electronic resource] /
_cStephen A. Kallis
260 _bProject Gutenberg,
_c2008
506 _aPublic domain in the USA.
516 _aElectronic text
653 _aShort stories
653 _aScience fiction
700 1 _aDouglas
830 0 _aProject Gutenberg
_v24221
856 4 0 _uhttp://www.gutenberg.org/ebooks/24221
942 _cEB
999 _c253476
_d253476